000 00869nam a22002417a 4500
003 OSt
005 20250429115422.0
008 210304b ||||| |||| 00| 0 spa d
040 _aDO-SdBNP
_bspa
_cBNPHU
082 4 _a158.1
_bF383m
_222
100 1 0 _aFerreira Gil. Natanael
_978014
_d1992
245 1 0 _aMás de 4000 frases capaces de cambiar la realidad de tu vida /
_cNatanael Ferreira
246 _aMás de cuatro mil frases capaces de cambiar la realidad de tu vida
260 _aSanto Domingo :
_bPublicaciones Libertad,
_c2020
300 _a4 v. :
_c21 cm
505 _aLa biblioteca posee 4 volumen de tres ej. c/u
590 _aInventariado, 2021 / DG
650 4 _aSuperación personal
_910825
650 4 _aTécnicas de autoayuda
_9387
650 0 _aÉxito
_9394
910 _aInventariado, 2021 / DG/Validado. Control de calidad MFF
942 _2ddc
_cLBS1
999 _c49499
_d49499